Admiralty Sailing Directions (Record no. 4405)

000 -LEADER
fixed length control field 00389nam a2200157Ia 4500
008 - FIXED-LENGTH DATA ELEMENTS--GENERAL INFORMATION
fixed length control field 200103s9999||||xx |||||||||||||| ||und||
020 ## - INTERNATIONAL STANDARD BOOK NUMBER
International Standard Book Number 9780707742991
082 ## - DEWEY DECIMAL CLASSIFICATION NUMBER
Classification number Column-10
100 ## - MAIN ENTRY--PERSONAL NAME
Personal name Admiralty
245 #0 - TITLE STATEMENT
Title Admiralty Sailing Directions
250 ## - EDITION STATEMENT
Edition statement NP38, 17th Ed.
260 ## - PUBLICATION, DISTRIBUTION, ETC. (IMPRINT)
Name of publisher, distributor, etc Admirality Charts and Publications
Date of publication, distribution, etc 2013
300 ## - PHYSICAL DESCRIPTION
Extent xvi, 346
942 ## - ADDED ENTRY ELEMENTS (KOHA)
Item type Books
Holdings
Withdrawn status Lost status Source of classification or shelving scheme Damaged status Not for loan Permanent location Current location Date acquired Total Checkouts Full call number Barcode Date last seen Date last borrowed Koha item type
          IMU-MPC Library IMU-MPC Library 2020-01-08 1 Column-10 LBS13669 2025-03-17 2020-02-18 Books
Copyright © 2021 Indian Maritime University, Mumbai Port Campus. All Rights Reserved. Managed & Maintained by Central Library, IMU-Mumbai

webs counters

Powered by Koha